Účtovanie a vykazovanie zriaďovacích nákladov v podvojnom účtovníctve

Problematika účtovania a vykazovania zriaďovacích nákladov a výdavkov v obchodných spoločnostiach. Založenie, vznik spoločnosti a úlohy účtovníctva v tomto procese. Časová súvislosť zriaďovacích nákladov a výdavkov. Ilustračné príklady.

Guardado en:
Detalles Bibliográficos
Autor principal: Maděra, František
Formato: Capítulo de libro
Lenguaje:eslovaco
Materias:
Etiquetas: Agregar Etiqueta
Sin Etiquetas, Sea el primero en etiquetar este registro!

MARC

LEADER 00000naa$a2200000$$$4500
001 0061194
005 20240502071702.0
041 0 |a slo 
044 |a SK 
245 1 0 |a Účtovanie a vykazovanie zriaďovacích nákladov v podvojnom účtovníctve  |c František Maděra 
520 |a Problematika účtovania a vykazovania zriaďovacích nákladov a výdavkov v obchodných spoločnostiach. Založenie, vznik spoločnosti a úlohy účtovníctva v tomto procese. Časová súvislosť zriaďovacích nákladov a výdavkov. Ilustračné príklady. 
610 2 0 |a spoločnosti obchodné 
610 2 0 |a náklady 
610 2 0 |a výdavky 
610 2 0 |a výkazy účtovné 
610 2 0 |a účtovanie nákladov 
100 1 |a Maděra, František